Catalog

Record Details

Catalog Search



Malý pan Talisman  Cover Image Book Book

Malý pan Talisman / z příběhů Chaima Cigana o Talismanovi ; ilustrace Michal Bačák

Record details

  • ISBN: 978-80-7215-509-5
  • Physical Description: 156 stran : ilustrace ; 23 cm
  • Edition: Vydání první
  • Publisher: Praha : Torst, 2015
Subject: Židé
judaismus
Jews
Judaism
Genre: české příběhy
Czech stories

Available copies

  • 1 of 1 copy available at Common Catalog SPOK.

Holds

  • 0 current holds with 1 total copy.
Show Only Available Copies
Location Call Number / Copy Notes Barcode Shelving Location Status Due Date
The Jewish community of Prague K 3177 4638300255 K - Beletrie Available -

LDR 01305cam a2200409 i 4500
00152371
003CZ-PrJAB
00520160505140728.0
007ta
008151209s2015 xr a g 000 j cze d
015 . ‡acnb002770111
020 . ‡a978-80-7215-509-5 ‡q(brožováno)
035 . ‡a(CZ PrNK)nkc20162770111
035 . ‡a(OCoLC)946293397
040 . ‡aKLG001 ‡bcze ‡dBOA001 ‡dABA001 ‡erda
072 7. ‡a821.162.3-3 ‡xČeská próza ‡2Konspekt ‡925
080 . ‡a821.162.3-32 ‡2MRF
080 . ‡a(=411.16) ‡2MRF
080 . ‡a26 ‡2MRF
080 . ‡a(0:82-32) ‡2MRF
1001 . ‡aCigan, Chaim, ‡d1940-1992 ‡7xx0184386 ‡4aut
24510. ‡aMalý pan Talisman / ‡cz příběhů Chaima Cigana o Talismanovi ; ilustrace Michal Bačák
250 . ‡aVydání první
264 1. ‡aPraha : ‡bTorst, ‡c2015
300 . ‡a156 stran : ‡bilustrace ; ‡c23 cm
336 . ‡atext ‡btxt ‡2rdacontent
337 . ‡abez média ‡bn ‡2rdamedia
338 . ‡asvazek ‡bnc ‡2rdacarrier
65007. ‡aŽidé ‡7ph127782 ‡2czenas
65007. ‡ajudaismus ‡7ph114838 ‡2czenas
65009. ‡aJews ‡2eczenas
65009. ‡aJudaism ‡2eczenas
655 7. ‡ačeské příběhy ‡7fd133973 ‡2czenas
655 9. ‡aCzech stories ‡2eczenas
7001 . ‡aBačák, Michal, ‡d1985- ‡7xx0200466 ‡4ill
910 . ‡aABE461
995 . ‡aska
901 . ‡a52371 ‡bAUTOGEN ‡c52371 ‡tbiblio

Additional Resources